<?xml version="1.0" encoding="UTF-8"?><?xml-stylesheet type="text/xsl" href="static/style.xsl"?><OAI-PMH xmlns="http://www.openarchives.org/OAI/2.0/" xmlns:xsi="http://www.w3.org/2001/XMLSchema-instance" xsi:schemaLocation="http://www.openarchives.org/OAI/2.0/ http://www.openarchives.org/OAI/2.0/OAI-PMH.xsd"><responseDate>2026-04-29T09:14:00Z</responseDate><request verb="GetRecord" identifier="oai:riubu.ubu.es:10259/3913" metadataPrefix="marc">https://riubu.ubu.es/oai/request</request><GetRecord><record><header><identifier>oai:riubu.ubu.es:10259/3913</identifier><datestamp>2025-04-22T10:06:25Z</datestamp><setSpec>com_10259_3593</setSpec><setSpec>com_10259_5086</setSpec><setSpec>com_10259_2604</setSpec><setSpec>col_10259_3594</setSpec></header><metadata><record xmlns="http://www.loc.gov/MARC21/slim" xmlns:doc="http://www.lyncode.com/xoai" xmlns:xsi="http://www.w3.org/2001/XMLSchema-instance" xmlns:dcterms="http://purl.org/dc/terms/" xsi:schemaLocation="http://www.loc.gov/MARC21/slim http://www.loc.gov/standards/marcxml/schema/MARC21slim.xsd">
<leader>00925njm 22002777a 4500</leader>
<datafield tag="042" ind1=" " ind2=" ">
<subfield code="a">dc</subfield>
</datafield>
<datafield tag="720" ind1=" " ind2=" ">
<subfield code="a">Guilarte Moreno, Verónica</subfield>
<subfield code="e">author</subfield>
</datafield>
<datafield tag="720" ind1=" " ind2=" ">
<subfield code="a">Castroviejo Fernández, Mª Pilar</subfield>
<subfield code="e">author</subfield>
</datafield>
<datafield tag="720" ind1=" " ind2=" ">
<subfield code="a">García García, Patricia</subfield>
<subfield code="e">author</subfield>
</datafield>
<datafield tag="720" ind1=" " ind2=" ">
<subfield code="a">Fernández Rodríguez, Manuel A.</subfield>
<subfield code="e">author</subfield>
</datafield>
<datafield tag="720" ind1=" " ind2=" ">
<subfield code="a">Sanz Díez, Roberto</subfield>
<subfield code="e">author</subfield>
</datafield>
<datafield tag="260" ind1=" " ind2=" ">
<subfield code="c">2011-03</subfield>
</datafield>
<datafield tag="520" ind1=" " ind2=" ">
<subfield code="a">2,3-Dihaloanilines have been proved as useful&#xd;
starting materials for synthesizing 4-halo-1H-indoles. Subsequent&#xd;
or in situ functionalization of the prepared haloindoles&#xd;
allows the access to a wide variety of 2,4- or 2,3,4-regioselectively&#xd;
functionalized indoles in good overall yields. As no&#xd;
efficient synthetic routes to 2,3-dihaloanilines have been described&#xd;
in the literature, different approaches to the preparation&#xd;
of these 1,2,3-functionalized aromatic precursors are now&#xd;
presented. The most general one involves a Smiles rearrangement&#xd;
from the corresponding 2,3-dihalophenols and allows the preparation of 2,3-dihaloanilides in a straightforward and&#xd;
synthetically useful manner.</subfield>
</datafield>
<datafield tag="024" ind2=" " ind1="8">
<subfield code="a">0022-3263</subfield>
</datafield>
<datafield tag="024" ind2=" " ind1="8">
<subfield code="a">http://hdl.handle.net/10259/3913</subfield>
</datafield>
<datafield tag="024" ind2=" " ind1="8">
<subfield code="a">10.1021/jo200406f</subfield>
</datafield>
<datafield tag="245" ind1="0" ind2="0">
<subfield code="a">Approaches to the synthesis of 2,3-dihaloanilines. Useful precursors of 4-functionalized-1 H-indoles</subfield>
</datafield>
</record></metadata></record></GetRecord></OAI-PMH>